| 000 | 00810mam a2200289 4500 | ||
|---|---|---|---|
| 001 | 1972623 | ||
| 003 | ARRUPE | ||
| 005 | 20131010140055.0 | ||
| 008 | 750228s1974 enk b 001 0 eng | ||
| 010 | _a 75304718 //r91 | ||
| 015 | _aGB*** | ||
| 020 | _a043582340X | ||
| 035 | _a(OCoLC)ocm01022617 | ||
| 035 | _a(NNC)1972623 | ||
| 040 |
_aDLC _cDLC |
||
| 050 | 0 | 0 |
_aHM24 _b.G448 |
| 100 | 1 |
_aGiddens, Anthony, _ecompiler. _92393 |
|
| 245 | 1 | 0 |
_aPositivism and sociology, _cedited with an introd. by Anthony Giddens. |
| 260 |
_aLondon, _bHeinemann _c[1974] |
||
| 300 |
_ax, 244 p. _c22 cm. |
||
| 504 | _aIncludes bibliographical references. | ||
| 650 | 0 |
_aSociology. _92394 |
|
| 650 | 0 |
_aSociology _xMethodology. _92395 |
|
| 650 | 0 |
_aPositivism. _92396 |
|
| 942 |
_2lcc _cMONOGRAPH |
||
| 999 |
_c118313 _d118313 |
||